Inmunología de Rojas / (Registro nro. 22751)

Detalles MARC
000 -LEADER
fixed length control field 01720nam a2200445 4500
001 - CONTROL NUMBER
control field 0000014458
003 - CONTROL NUMBER IDENTIFIER
control field CO-CtgCURN
005 - DATE AND TIME OF LATEST TRANSACTION
control field 20260408161123.0
007 - PHYSICAL DESCRIPTION FIXED FIELD--GENERAL INFORMATION
fixed length control field ta
008 - FIXED-LENGTH DATA ELEMENTS--GENERAL INFORMATION
fixed length control field 160627s2015 000 0 eng d
020 ## - INTERNATIONAL STANDARD BOOK NUMBER
International Standard Book Number 9789588843179
040 ## - CATALOGING SOURCE
Original cataloging agency CO-CtgCURN
Language of cataloging spa
Transcribing agency coctgcurn
082 0# - DEWEY DECIMAL CLASSIFICATION NUMBER
Classification number 616.079
Item number In62
245 00 - TITLE STATEMENT
Title Inmunología de Rojas /
Statement of responsibility, etc. William Rojas M. ... [et al.] ; Ilustrador, Diana Cecilia Molina Molina.
250 ## - EDITION STATEMENT
Edition statement 17a ed.
260 ## - PUBLICATION, DISTRIBUTION, ETC.
Place of publication, distribution, etc. Medellín :
Name of publisher, distributor, etc. Corporación para Investigaciones Biológicas, CIB,
Date of publication, distribution, etc. 2015.
300 ## - PHYSICAL DESCRIPTION
Extent xx, 592 p :
Other physical details il., tablas.
336 ## - CONTENT TYPE
Source rdacontent
337 ## - MEDIA TYPE
Source rdamedia
Media type term sin mediacion
Media type code n
338 ## - CARRIER TYPE
Source rdacarrier
Carrier type term volumen
Carrier type code nc
504 ## - BIBLIOGRAPHY, ETC. NOTE
Bibliography, etc. note Incluye bibliografía al final de cada capítulo.
505 8# - FORMATTED CONTENTS NOTE
Formatted contents note Inmunología básica: Inmunidad innata -- Inmunidad adquirida -- Inmunología clínica: Defensa inmune contra infecciones -- Cáncer y proliferaciones de las células del sistema inmune-- Inmunodeficiencias -- Alergias -- Enfermedades autoinmunes -- Modulación de la respuesta inmune
590 ## - LOCAL NOTE (RLIN)
Local note Microbiología (Enfermería)
590 ## - LOCAL NOTE (RLIN)
Local note Inmunología (Bacteriología)
650 14 - SUBJECT ADDED ENTRY--TOPICAL TERM
Topical term or geographic name entry element Inmunología clínica.
650 14 - SUBJECT ADDED ENTRY--TOPICAL TERM
Topical term or geographic name entry element Cáncer.
650 14 - SUBJECT ADDED ENTRY--TOPICAL TERM
Topical term or geographic name entry element Enfermedades alérgicas.
650 14 - SUBJECT ADDED ENTRY--TOPICAL TERM
Topical term or geographic name entry element Genética.
650 14 - SUBJECT ADDED ENTRY--TOPICAL TERM
Topical term or geographic name entry element Sistema inmune.
650 14 - SUBJECT ADDED ENTRY--TOPICAL TERM
Topical term or geographic name entry element Lupus.
700 1# - ADDED ENTRY--PERSONAL NAME
Personal name Rojas M., William.
700 1# - ADDED ENTRY--PERSONAL NAME
Personal name Anaya C., Juan Manuel.
700 1# - ADDED ENTRY--PERSONAL NAME
Personal name Aristizábal B., Beatriz H.
700 1# - ADDED ENTRY--PERSONAL NAME
Personal name Cano R., Luz Elena.
700 1# - ADDED ENTRY--PERSONAL NAME
Personal name Lopera H., Damaris.
700 1# - ADDED ENTRY--PERSONAL NAME
Personal name Molina Molina, Diana Cecilia,
Titles and other words associated with a name Ilustrador.
908 ## - PUT COMMAND PARAMETER (RLIN)
Put command parameter 160627
942 ## - ADDED ENTRY ELEMENTS (KOHA)
Koha item type Libros
Classification part 616.079
Item part In62
Source of classification or shelving scheme Dewey Decimal Classification
Existencias
Withdrawn status Lost status Source of classification or shelving scheme Damaged status Not for loan Collection Home library Current library Shelving location Date acquired Inventory number Total checkouts Full call number Barcode Date last seen Copy number Price effective from Koha item type Public note
    Dewey Decimal Classification     General Miguel Henríquez Emiliani Miguel Henríquez Emiliani General 03/31/2025 006825   616.079 In62 006825 03/31/2025 ej.1 03/31/2025 Libros 610-CIENME